Scramble - Secret Word - Statistics

General Stats
  • This quiz has been taken 23 times
  • The average score is 4 of 7
Answer Stats
Question Answer % Correct
Whats the capital of Iceland? R
95%
Big City which lies in Europa AND Asia I
90%
Largest City in Nigeria L
90%
Whats the scrambled city? Berlin
52%
2nd Largest City of Korea B
48%
Northernmost city with a population of 1m+ in North America E
33%
Capital of Myanmar N
10%
No matching quizzes found
Score Distribution
Percent of People with Each Score
Percentile by Number Answered
Your Score History
You have not taken this quiz